| 000 | 00353nam a2200121 4500 | ||
|---|---|---|---|
| 999 |
_c10602 _d10602 |
||
| 008 | 180907b ||||| |||| 00| 0 eng d | ||
| 100 |
_931016 _aPerez, Ace June Rell S. |
||
| 245 |
_aInvestment attraction/ _cAce June Rell S. Perez |
||
| 260 |
_aDavao City _bSun Star Davao _cc2016 |
||
| 300 | _apage 4. | ||
| 650 | 0 |
_931017 _aInvestments. |
|
| 942 |
_2ddc _cPER |
||